<?xml version="1.0" encoding="UTF-8"?><marc:collection xmlns:marc="http://www.loc.gov/MARC21/slim">
  <marc:record>
    <marc:leader>00000nam  2200000zi 4500</marc:leader>
    <marc:controlfield tag="001">9.947083</marc:controlfield>
    <marc:controlfield tag="003">CaOODSP</marc:controlfield>
    <marc:controlfield tag="005">20250127112214</marc:controlfield>
    <marc:controlfield tag="006">m     o  d f      </marc:controlfield>
    <marc:controlfield tag="007">cr bn|||||||||</marc:controlfield>
    <marc:controlfield tag="008">250117t20252025onc     oz   f000 0 eng d</marc:controlfield>
    <marc:datafield tag="020" ind1=" " ind2=" ">
      <marc:subfield code="a">9780660753126</marc:subfield>
    </marc:datafield>
    <marc:datafield tag="040" ind1=" " ind2=" ">
      <marc:subfield code="a">CaOODSP</marc:subfield>
      <marc:subfield code="b">eng</marc:subfield>
      <marc:subfield code="e">rda</marc:subfield>
      <marc:subfield code="c">CaOODSP</marc:subfield>
    </marc:datafield>
    <marc:datafield tag="041" ind1="0" ind2=" ">
      <marc:subfield code="a">eng</marc:subfield>
      <marc:subfield code="a">fre</marc:subfield>
    </marc:datafield>
    <marc:datafield tag="043" ind1=" " ind2=" ">
      <marc:subfield code="a">n-cn---</marc:subfield>
      <marc:subfield code="a">n-us---</marc:subfield>
    </marc:datafield>
    <marc:datafield tag="086" ind1="1" ind2=" ">
      <marc:subfield code="a">FR4-2024/22-PDF</marc:subfield>
    </marc:datafield>
    <marc:datafield tag="130" ind1="0" ind2=" ">
      <marc:subfield code="a">Agreement for Cooperation Concerning Civil Uses of Atomic Energy between the Government of the United States of America and the Government of Canada </marc:subfield>
      <marc:subfield code="d">(1955 June 15). </marc:subfield>
      <marc:subfield code="k">Protocols, etc. </marc:subfield>
      <marc:subfield code="d">(2023 June 26)</marc:subfield>
    </marc:datafield>
    <marc:datafield tag="245" ind1="1" ind2="0">
      <marc:subfield code="a">United States of America / Nuclear - Exchange of Letters constituting an agreement with regard to Article XII(D) of the Agreement for Co-operation Concerning Civil Uses of Atomic Energy between the Government of Canada and the Government of the United States of America, done at Washington on 15 June 1955, as amended = </marc:subfield>
      <marc:subfield code="b">États-Unis d'Amérique / Énergie nucléaire - Échange de lettres constituant un accord relatif à l'article XII (d) de l'Accord de coopération concernant les emplois civils de l'énergie atomique entre le Gouvernement du Canada et le Gouvernement des États-Unis d'Amérique, fait à Washington le 15 juin 1955, tel que modifié.</marc:subfield>
    </marc:datafield>
    <marc:datafield tag="246" ind1="1" ind2="1">
      <marc:subfield code="a">États-Unis d'Amérique / Énergie nucléaire - Échange de lettres constituant un accord relatif à l'article XII (d) de l'Accord de coopération concernant les emplois civils de l'énergie atomique entre le Gouvernement du Canada et le Gouvernement des États-Unis d'Amérique, fait à Washington le 15 juin 1955, tel que modifié</marc:subfield>
    </marc:datafield>
    <marc:datafield tag="264" ind1=" " ind2="1">
      <marc:subfield code="a">[Ottawa] : </marc:subfield>
      <marc:subfield code="b">Treaty Law Division of the Department of Foreign Affairs, Trade and Development = Direction du droit des traités du Ministère des affaires étrangères, du commerce et du développement, </marc:subfield>
      <marc:subfield code="c">[2025]</marc:subfield>
    </marc:datafield>
    <marc:datafield tag="264" ind1=" " ind2="4">
      <marc:subfield code="c">©2025</marc:subfield>
    </marc:datafield>
    <marc:datafield tag="300" ind1=" " ind2=" ">
      <marc:subfield code="a">1 online resource (4, 4 pages).</marc:subfield>
    </marc:datafield>
    <marc:datafield tag="336" ind1=" " ind2=" ">
      <marc:subfield code="a">text</marc:subfield>
      <marc:subfield code="b">txt</marc:subfield>
      <marc:subfield code="2">rdacontent</marc:subfield>
    </marc:datafield>
    <marc:datafield tag="337" ind1=" " ind2=" ">
      <marc:subfield code="a">computer</marc:subfield>
      <marc:subfield code="b">c</marc:subfield>
      <marc:subfield code="2">rdamedia</marc:subfield>
    </marc:datafield>
    <marc:datafield tag="338" ind1=" " ind2=" ">
      <marc:subfield code="a">online resource</marc:subfield>
      <marc:subfield code="b">cr</marc:subfield>
      <marc:subfield code="2">rdacarrier</marc:subfield>
    </marc:datafield>
    <marc:datafield tag="490" ind1="1" ind2=" ">
      <marc:subfield code="a">Treaty series = </marc:subfield>
      <marc:subfield code="a">Recueil des traités ; </marc:subfield>
      <marc:subfield code="v">2024/22</marc:subfield>
    </marc:datafield>
    <marc:datafield tag="500" ind1=" " ind2=" ">
      <marc:subfield code="a">"Done at Washington on 26 June 2023 and at Ottawa on 7 July 2023. In Force on 31 October 2024."</marc:subfield>
    </marc:datafield>
    <marc:datafield tag="500" ind1=" " ind2=" ">
      <marc:subfield code="a">Alternate pages have duplicate numbering.</marc:subfield>
    </marc:datafield>
    <marc:datafield tag="546" ind1=" " ind2=" ">
      <marc:subfield code="a">Text in English and French.</marc:subfield>
    </marc:datafield>
    <marc:datafield tag="650" ind1=" " ind2="0">
      <marc:subfield code="a">Nuclear energy</marc:subfield>
      <marc:subfield code="x">Law and legislation</marc:subfield>
      <marc:subfield code="z">Canada.</marc:subfield>
    </marc:datafield>
    <marc:datafield tag="650" ind1=" " ind2="0">
      <marc:subfield code="a">Nuclear energy</marc:subfield>
      <marc:subfield code="x">Law and legislation</marc:subfield>
      <marc:subfield code="z">United States.</marc:subfield>
    </marc:datafield>
    <marc:datafield tag="651" ind1=" " ind2="0">
      <marc:subfield code="a">Canada</marc:subfield>
      <marc:subfield code="x">Foreign relations</marc:subfield>
      <marc:subfield code="v">Treaties.</marc:subfield>
    </marc:datafield>
    <marc:datafield tag="651" ind1=" " ind2="0">
      <marc:subfield code="a">United States</marc:subfield>
      <marc:subfield code="x">Foreign relations</marc:subfield>
      <marc:subfield code="v">Treaties.</marc:subfield>
    </marc:datafield>
    <marc:datafield tag="655" ind1=" " ind2="7">
      <marc:subfield code="a">Treaties</marc:subfield>
      <marc:subfield code="2">lcgft</marc:subfield>
    </marc:datafield>
    <marc:datafield tag="710" ind1="1" ind2=" ">
      <marc:subfield code="a">Canada. </marc:subfield>
      <marc:subfield code="b">Global Affairs Canada. </marc:subfield>
      <marc:subfield code="b">Treaty Law Division, </marc:subfield>
      <marc:subfield code="e">issuing body.</marc:subfield>
    </marc:datafield>
    <marc:datafield tag="710" ind1="1" ind2=" ">
      <marc:subfield code="a">Canada, </marc:subfield>
      <marc:subfield code="e">participant in treaty.</marc:subfield>
    </marc:datafield>
    <marc:datafield tag="710" ind1="1" ind2=" ">
      <marc:subfield code="a">United States, </marc:subfield>
      <marc:subfield code="e">participant in treaty.</marc:subfield>
    </marc:datafield>
    <marc:datafield tag="788" ind1=" " ind2=" ">
      <marc:subfield code="t">United States of America / Nuclear - Exchange of Letters constituting an agreement with regard to Article XII(D) of the Agreement for Co-operation Concerning Civil Uses of Atomic Energy between the Government of Canada and the Government of the United States of America, done at Washington on 15 June 1955, as amended = </marc:subfield>
      <marc:subfield code="e">fre</marc:subfield>
      <marc:subfield code="w">(CaOODSP)9.947087</marc:subfield>
    </marc:datafield>
    <marc:datafield tag="830" ind1="#" ind2="0">
      <marc:subfield code="a">Canada treaty series ;</marc:subfield>
      <marc:subfield code="v">2024/22.</marc:subfield>
      <marc:subfield code="w">(CaOODSP)9.811730</marc:subfield>
    </marc:datafield>
    <marc:datafield tag="856" ind1="4" ind2="0">
      <marc:subfield code="q">PDF</marc:subfield>
      <marc:subfield code="s">436 KB</marc:subfield>
      <marc:subfield code="u">https://publications.gc.ca/collections/collection_2025/amc-gac/FR4-2024-22.pdf</marc:subfield>
    </marc:datafield>
  </marc:record>
</marc:collection>
